| 000 | 00688nam a2200145 a 4500 | ||
|---|---|---|---|
| 001 | 000016230 | ||
| 005 | 20200929164329.0 | ||
| 008 | 100301s1979 dr r 000 0 spa d | ||
| 040 |
_aDO-SdBNP _bspa _cBNPHU |
||
| 082 |
_axxxx _bP192c |
||
| 111 | 2 |
_aLa Corporación Dominicana de Electricidad, su situación actual y sus planes de expansión a corto, mediano y largo plazo _d(1979 feb. 21 : _cSanto Domingo) _936279 |
|
| 245 | 1 | 3 |
_aLa Corporación Dominicana de Electricidad, su situación actual y sus planes de expansión a corto, mediano y largo plazo / _cJosé Guillermo Paniagua González. |
| 260 |
_aSanto Domingo : _bCoorporación Dominicana de electricidad, _c1979. |
||
| 300 | _a[34 p.]. | ||
| 999 |
_c15768 _d15768 |
||